| 000 | 00415nam a2200145Ia 4500 | ||
|---|---|---|---|
| 008 | 210210b1986 xxu||||| |||| 00| 0 eng d | ||
| 082 | _a350 BASP | ||
| 100 | _aBASU (Rumki). | ||
| 245 | _aPublic administration: an introduction to concept & theories. | ||
| 260 |
_aND _bSterling Publishers Pvt. Ltd. _c1986 |
||
| 300 | _a298 | ||
| 650 | _aPublic administration | ||
| 690 | _aPublic Administration | ||
| 906 | _a042699 | ||
| 999 |
_c92370 _d92370 |
||